000
00289cam a2200121 4500
001
3879
010
_a
2004058837
020
_a
1594481938
100
1
_a
Hornby, Nick.
245
1
2
_a
A long way down /
_c
Nick Hornby.
260
_a
New York :
_b
Riverhead Books,
_c
2005.
300
_a
333 p. ;
_c
21 cm.
999
_c
3160
_d
3160